Central Library OPAC University of Rajshahi

The book of songs / (Record no. 23133)

MARC details
000 -LEADER
fixed length control field 01167cam a22003131a 4500
001 - CONTROL NUMBER
control field 23133
003 - CONTROL NUMBER IDENTIFIER
rucl marc code BD-RjUL
005 - DATE AND TIME OF LATEST TRANSACTION
control field 20211209000909.0
008 - FIXED-LENGTH DATA ELEMENTS--GENERAL INFORMATION
fixed length control field 140310s19601937n b 001 0 eng
035 ## - SYSTEM CONTROL NUMBER
System control number (BD-RjUL) 23198
System control number (OCoLC)2579227
040 ## - CATALOGING SOURCE
Original cataloging agency DLC
Transcribing agency MNoW
Modifying agency InU
-- DLC
-- BD-RjUL
Language of cataloging eng
041 1# - LANGUAGE CODE
Language code of text/sound track or separate title eng
Language code of original chi
082 ## - DEWEY DECIMAL CLASSIFICATION NUMBER
Classification number 895.110622
Author mark and year BOO 1960
245 14 - TITLE STATEMENT
Title The book of songs /
Statement of responsibility, etc. translated from the Chinese by Arthur Waley.
250 ## - EDITION STATEMENT
Edition statement 1st grove press ed.
260 ## - PUBLICATION, DISTRIBUTION, ETC. (IMPRINT)
Place of publication, distribution, etc. New York :
Name of publisher, distributor, etc. Grove,
Date of publication, distribution, etc. 1960.
300 ## - PHYSICAL DESCRIPTION
Pagination 358, [2] p. ;
Size 23 cm.
500 ## - GENERAL NOTE
General note "This volume contains the translation and general notes. A supplement containing textual notes and dealing with technical questions which concern the specialist, is listed separately" -- Verso of half-title.
General note "First published in 1937. "Notes on books used": p. [348]-349.
504 ## - BIBLIOGRAPHY, ETC. NOTE
Bibliography, etc Includes index.
510 4# - CITATION/REFERENCES NOTE
Name of source Johns, F.A. Bibl. of Arthur Waley,
Location within source A25
650 #0 - SUBJECT ADDED ENTRY--TOPICAL TERM
Topical term or geographic name as entry element Chinese poetry.
9 (RLIN) 71326
Topical term or geographic name as entry element Chinese poetry
General subdivision Translations into English.
9 (RLIN) 71327
700 1# - ADDED ENTRY--PERSONAL NAME
Personal name Waley, Arthur.
942 ## - ADDED ENTRY ELEMENTS (KOHA)
Source of classification or shelving scheme Dewey Decimal Classification
Koha item type Books
Holdings
Lost status Source of classification or shelving scheme Damaged status Not for loan Collection code Permanent Location Current Location Shelving location Date acquired Source of acquisition Total Checkouts Full call number Date last seen Copy number Koha item type
  Dewey Decimal Classification     Fiction Central Library, University of Rajshahi Central Library, University of Rajshahi   07/08/1965 Zetlinger   895.110622 BOO 1960 10/03/2014 C-2 Books